00381nam a2200145 450000100060000010000400000610100090004610200070005520000680006221000610013021500110019122500110020267500100021380100120022345753 a20260227 pory50  apor  aPT aO Comunismo Científico e seus falsificaroresfP. N. Fedoseyev aVeda Nova, AmadoracManuel Rodrigues Xavierd[imp. 1974] a150 p. a74v11 a321.7 aPTgRPC